| 000 | 00997nam0a22002531 4500 | ||
|---|---|---|---|
| 001 | rc\140137 | ||
| 005 | 20260406151149.0 | ||
| 035 | _a(NLR Aleph) 008783183 | ||
| 090 |
_a7995082 _c7995082 |
||
| 100 | _a20030307d1991 |||y0rusy50 ca | ||
| 101 | 0 | _arus | |
| 102 | _aRU | ||
| 105 | _aa ||||||||| | ||
| 200 | 1 |
_aКАТЕХИЗИС _fКомис. Свящ. Синода Русской Православ. церкви по вопр. христиан. единства _g[Редкол.: Филарет. митроп. Киев. и всея Украины и др.] |
|
| 210 |
_aКиев _cУкр. Православ. церковь _d1991 |
||
| 215 |
_a416 с., [8] л. цв. ил. _d21 |
||
| 608 |
_aКатехизис _2nlr_sh1 |
||
| 712 | 0 | 2 |
_aРусская православная церковь _bСинод _9349087 _3RU\NLR\AUTH\889926674 |
| 801 | 0 |
_aRU _bNLR _gpsbo |
|
| 801 | 1 |
_aRU _bELAR _2rusmarc |
|
| 801 | 2 |
_aRU _bNLR _c20050413 _2rusmarc |
|
| 852 |
_aNLR _j91-3/13366 |
||
| 942 | _cBOOK | ||
| 980 | _aNB | ||